[Event "GER-ch Blitz 2019"]
[Site "Magdeburg"]
[Date "2019.05.25"]
[Round "9.7"]
[White "Zelbel, Patrick"]
[Black "Feuerstack, Aljoscha"]
[Result "0-1"]
[WhiteElo "2439"]
[BlackElo "2441"]
[Annotator "NA"]
[PlyCount "52"]
[EventDate "2019.05.25"]
[EventType "tourn"]
[EventCountry "GER"]
[Tiebreak "Number of wins+Number of black wins"]
[SourceTitle "playchess.com"]
[Source "ChessBase"]
[SourceQuality "1"]
[TimeControl "180+2"]

1. e4 {[%emt 0:00:00]} c5 {[%emt 0:00:00]} 2. c3 {[%emt 0:00:00]} Nf6 {[%emt 0:
00:03]} 3. e5 {[%emt 0:00:00]} Nd5 {[%emt 0:00:01]} 4. Bc4 {[%emt 0:00:00]} e6
{[%emt 0:00:11]} 5. Nf3 {[%emt 0:00:01]} d6 {[%emt 0:00:00]} 6. d4 {[%emt 0:00:
00]} cxd4 {[%emt 0:00:01]} 7. cxd4 {[%emt 0:00:01]} Be7 {[%emt 0:00:02]} 8. O-O
{[%emt 0:00:01]} O-O {[%emt 0:00:01]} 9. Qe2 {[%emt 0:00:06]} b6 {[%emt 0:00:
10]} 10. Bd2 {[%emt 0:00:04]} Bb7 {[%emt 0:00:07]} 11. Nc3 {[%emt 0:00:01]}
dxe5 {[%emt 0:00:23]} 12. dxe5 {[%emt 0:00:10]} Nd7 {[%emt 0:00:01]} 13. Ne4 {
[%emt 0:00:30]} Qc7 {[%emt 0:00:07]} 14. Rac1 {[%emt 0:00:02]} Qb8 {[%emt 0:00:
17]} 15. Ng3 {[%emt 0:00:32]} Rd8 {[%emt 0:00:20]} 16. Bd3 {[%emt 0:00:02]} Nc5
{[%emt 0:00:05]} 17. Bc2 {[%emt 0:00:11]} Ba6 {[%emt 0:00:03]} 18. Qe1 {
[%emt 0:00:08]} Bxf1 {[%emt 0:00:02]} 19. Qxf1 {[%emt 0:00:02]} Qb7 {[%emt 0:
00:07]} 20. b4 {[%emt 0:00:02]} Nd7 {[%emt 0:00:02]} 21. Qd3 {[%emt 0:00:06]}
Nf8 {[%emt 0:00:07]} 22. Qe4 {[%emt 0:00:03]} Rac8 {[%emt 0:00:03]} 23. Nh5 {
[%emt 0:00:20]} Ng6 {[%emt 0:00:14]} 24. Re1 {[%emt 0:00:08]} b5 {[%emt 0:00:
06]} 25. h4 {[%emt 0:00:16]} Rc4 {[%emt 0:00:03]} 26. Qd3 {[%emt 0:00:05]} Nxb4
{[%emt 0:00:02]} 0-1

[Event "GER-ch Blitz 2019"]
[Site "Magdeburg"]
[Date "2019.05.25"]
[Round "9.8"]
[White "Voege, Tobias"]
[Black "Kopylov, Daniel"]
[Result "1-0"]
[WhiteElo "2294"]
[BlackElo "2263"]
[Annotator "NA"]
[PlyCount "85"]
[EventDate "2019.05.25"]
[EventType "tourn"]
[EventCountry "GER"]
[Tiebreak "Number of wins+Number of black wins"]
[SourceTitle "playchess.com"]
[Source "ChessBase"]
[SourceQuality "1"]
[TimeControl "180+2"]

1. d4 {[%emt 0:00:00]} d5 {[%emt 0:00:00]} 2. c4 {[%emt 0:00:00]} e6 {[%emt 0:
00:01]} 3. Nc3 {[%emt 0:00:01]} Nf6 {[%emt 0:00:02]} 4. Bg5 {[%emt 0:00:00]}
Be7 {[%emt 0:00:02]} 5. e3 {[%emt 0:00:01]} O-O {[%emt 0:00:02]} 6. cxd5 {
[%emt 0:00:01]} exd5 {[%emt 0:00:02]} 7. Bd3 {[%emt 0:00:01]} c6 {[%emt 0:00:
10]} 8. Nge2 {[%emt 0:00:01]} Re8 {[%emt 0:00:02]} 9. O-O {[%emt 0:00:02]} h6 {
[%emt 0:00:01]} 10. Bh4 {[%emt 0:00:01]} Nbd7 {[%emt 0:00:04]} 11. Qc2 {
[%emt 0:00:01]} Nf8 {[%emt 0:00:03]} 12. Rab1 {[%emt 0:00:01]} a5 {[%emt 0:00:
05]} 13. a3 {[%emt 0:00:00]} Ne4 {[%emt 0:00:18]} 14. Bxe7 {[%emt 0:00:04]}
Qxe7 {[%emt 0:00:01]} 15. Bxe4 {[%emt 0:00:11]} dxe4 {[%emt 0:00:01]} 16. d5 {
[%emt 0:00:07]} Bf5 {[%emt 0:00:22]} 17. dxc6 {[%emt 0:00:11]} bxc6 {[%emt 0:
00:01]} 18. Nd4 {[%emt 0:00:04]} Qg5 {[%emt 0:00:13]} 19. Nce2 {[%emt 0:00:19]}
Ng6 {[%emt 0:00:08]} 20. Ng3 {[%emt 0:00:15]} Nh4 {[%emt 0:01:09]} 21. Ndxf5 {
[%emt 0:00:13]} Nxf5 {[%emt 0:00:03]} 22. Nxe4 {[%emt 0:00:23]} Qg6 {[%emt 0:
00:02]} 23. Nc5 {[%emt 0:00:49]} Re5 {[%emt 0:00:18]} 24. Rbc1 {[%emt 0:00:12]}
Rae8 {[%emt 0:00:11]} 25. Nd3 {[%emt 0:00:02]} Re4 {[%emt 0:00:03]} 26. Nf4 {
[%emt 0:00:10]} Qg5 {[%emt 0:00:09]} 27. Qxc6 {[%emt 0:00:10]} Nh4 {[%emt 0:00:
01]} 28. g3 {[%emt 0:00:14]} Nf3+ {[%emt 0:00:05]} 29. Kg2 {[%emt 0:00:00]} Nd2
{[%emt 0:00:04]} 30. Rfd1 {[%emt 0:00:04]} Nb3 {[%emt 0:00:05]} 31. Rc3 {
[%emt 0:00:02]} a4 {[%emt 0:00:01]} 32. h4 {[%emt 0:00:03]} Qg4 {[%emt 0:00:04]
} 33. f3 {[%emt 0:00:03]} Qf5 {[%emt 0:00:07]} 34. fxe4 {[%emt 0:00:02]} Qg4 {
[%emt 0:00:00]} 35. Re1 {[%emt 0:00:07]} Nd2 {[%emt 0:00:03]} 36. Qxe8+ Kh7 37.
Re2 {[%emt 0:00:12]} Qf3+ {[%emt 0:00:02]} 38. Kh3 {[%emt 0:00:05]} Nxe4 {
[%emt 0:00:02]} 39. Rg2 {[%emt 0:00:02]} Nf6 {[%emt 0:00:08]} 40. Qxf7 Qg4+ 41.
Kh2 {[%emt 0:00:03]} Qd1 {[%emt 0:00:02]} 42. Qg6+ {[%emt 0:00:01]} Kg8 43.
Rc8+ 1-0

[Event "GER-ch Blitz 2019"]
[Site "Magdeburg"]
[Date "2019.05.25"]
[Round "9.9"]
[White "Schmaltz, Roland"]
[Black "Braeuning, Rudolf Wilhelm"]
[Result "1/2-1/2"]
[WhiteElo "2461"]
[BlackElo "2285"]
[Annotator "ChessBase"]
[PlyCount "74"]
[EventDate "2019.05.25"]
[EventType "tourn"]
[EventCountry "GER"]
[Tiebreak "Number of wins+Number of black wins"]
[SourceTitle "playchess.com"]
[Source "ChessBase"]
[SourceQuality "1"]
[TimeControl "180+2"]

1. e4 {[%emt 0:00:00]} c5 {[%emt 0:00:00]} 2. Nf3 {[%emt 0:00:00]} g6 {[%emt 0:
00:00]} 3. d4 {[%emt 0:00:00]} cxd4 {[%emt 0:00:00]} 4. Nxd4 {[%emt 0:00:01]}
Nc6 {[%emt 0:00:01]} 5. Nb3 {[%emt 0:00:01]} Nf6 {[%emt 0:00:07]} 6. Nc3 {
[%emt 0:00:01]} Bg7 {[%emt 0:00:01]} 7. Be2 {[%emt 0:00:00]} a5 {[%emt 0:00:09]
} 8. a4 {[%emt 0:00:01]} O-O {[%emt 0:00:05]} 9. O-O {[%emt 0:00:01]} d6 {
[%emt 0:00:01]} 10. Re1 {[%emt 0:00:05]} Be6 {[%emt 0:00:01]} 11. Bf1 {[%emt 0:
00:06]} Bxb3 {[%emt 0:00:03]} 12. cxb3 {[%emt 0:00:01]} e6 {[%emt 0:00:01]} 13.
f4 {[%emt 0:00:05]} d5 {[%emt 0:00:11]} 14. e5 {[%emt 0:00:02]} Nd7 {[%emt 0:
00:09]} 15. Be3 {[%emt 0:00:14]} Ndxe5 {[%emt 0:00:11]} 16. Bc5 {[%emt 0:00:11]
} Nd7 {[%emt 0:00:37]} 17. Bxf8 {[%emt 0:00:02]} Bxf8 {[%emt 0:00:14]} 18. Kh1
{[%emt 0:00:02]} Nf6 {[%emt 0:00:16]} 19. Rc1 {[%emt 0:00:08]} h5 {[%emt 0:00:
05]} 20. Be2 {[%emt 0:00:35]} h4 {[%emt 0:00:08]} 21. Bf3 {[%emt 0:00:02]} Bd6
{[%emt 0:00:08]} 22. Qd2 {[%emt 0:00:11]} Kg7 {[%emt 0:00:02]} 23. Nb5 {
[%emt 0:00:02]} Bb4 {[%emt 0:00:04]} 24. Qf2 {[%emt 0:00:07]} Bxe1 {[%emt 0:00:
03]} 25. Rxe1 {[%emt 0:00:01]} Ne4 {[%emt 0:00:14]} 26. Bxe4 {[%emt 0:00:05]}
dxe4 {[%emt 0:00:00]} 27. Rxe4 {[%emt 0:00:04]} Qd1+ {[%emt 0:00:02]} 28. Re1 {
[%emt 0:00:02]} Qxb3 {[%emt 0:00:02]} 29. Qxh4 {[%emt 0:00:15]} Qxa4 {[%emt 0:
00:03]} 30. Nc3 {[%emt 0:00:10]} Qb4 {[%emt 0:00:13]} 31. Qf2 {[%emt 0:00:11]}
Rd8 {[%emt 0:00:06]} 32. h3 {[%emt 0:00:02]} Qd4 {[%emt 0:00:05]} 33. Qf3 {
[%emt 0:00:04]} Qb4 {[%emt 0:00:05]} 34. Qf2 {[%emt 0:00:05]} Qd4 {[%emt 0:00:
01]} 35. Qf3 {[%emt 0:00:01]} Qb4 {[%emt 0:00:01]} 36. Qf2 {[%emt 0:00:01]} Qd4
{[%emt 0:00:01]} 37. Qf3 {[%emt 0:00:01]} Qb4 {[%emt 0:00:01]} 1/2-1/2

[Event "GER-ch Blitz 2019"]
[Site "Magdeburg"]
[Date "2019.05.25"]
[Round "9.10"]
[White "Heistermann, Till"]
[Black "Stein, Robert"]
[Result "0-1"]
[WhiteElo "2181"]
[BlackElo "2318"]
[Annotator "NA"]
[PlyCount "72"]
[EventDate "2019.05.25"]
[EventType "tourn"]
[EventCountry "GER"]
[Tiebreak "Number of wins+Number of black wins"]
[SourceTitle "playchess.com"]
[Source "ChessBase"]
[SourceQuality "1"]
[TimeControl "180+2"]

1. Nf3 {[%emt 0:00:00]} Nf6 {[%emt 0:00:00]} 2. b3 {[%emt 0:00:00]} g6 {
[%emt 0:00:00]} 3. Bb2 {[%emt 0:00:00]} Bg7 {[%emt 0:00:00]} 4. e3 {[%emt 0:00:
00]} O-O {[%emt 0:00:02]} 5. d4 {[%emt 0:00:02]} d6 {[%emt 0:00:01]} 6. Nbd2 {
[%emt 0:00:02]} Nbd7 {[%emt 0:00:05]} 7. Bd3 {[%emt 0:00:03]} c6 {[%emt 0:00:
06]} 8. O-O {[%emt 0:00:03]} Qc7 {[%emt 0:00:01]} 9. c4 {[%emt 0:00:01]} e5 {
[%emt 0:00:04]} 10. Qc2 {[%emt 0:00:06]} Re8 {[%emt 0:00:01]} 11. e4 {[%emt 0:
00:03]} exd4 12. Nxd4 {[%emt 0:00:01]} Nc5 {[%emt 0:00:21]} 13. Rfe1 {[%emt 0:
00:05]} a5 {[%emt 0:00:03]} 14. Rad1 {[%emt 0:00:05]} Ng4 {[%emt 0:00:01]} 15.
h3 {[%emt 0:00:05]} Ne5 {[%emt 0:00:26]} 16. Bf1 {[%emt 0:00:01]} a4 {[%emt 0:
00:00]} 17. b4 {[%emt 0:00:05]} a3 {[%emt 0:00:00]} 18. Ba1 {[%emt 0:00:03]}
Na6 {[%emt 0:00:06]} 19. Qb3 {[%emt 0:00:09]} Bd7 {[%emt 0:00:12]} 20. f4 {
[%emt 0:00:08]} Qb6 {[%emt 0:00:07]} 21. Kh1 {[%emt 0:00:08]} Ng4 {[%emt 0:00:
12]} 22. hxg4 {[%emt 0:00:01]} Bxd4 {[%emt 0:00:01]} 23. Bxd4 {[%emt 0:00:13]}
Qxd4 {[%emt 0:00:01]} 24. Qxa3 {[%emt 0:00:16]} Bxg4 {[%emt 0:00:07]} 25. Nf3 {
[%emt 0:00:01]} Qf6 {[%emt 0:00:01]} 26. Qd3 {[%emt 0:00:17]} Qxf4 {[%emt 0:00:
09]} 27. Qxd6 {[%emt 0:00:02]} Qxd6 {[%emt 0:00:02]} 28. Rxd6 {[%emt 0:00:00]}
Nxb4 {[%emt 0:00:01]} 29. Rb1 {[%emt 0:00:11]} c5 {[%emt 0:00:00]} 30. Rb6 {
[%emt 0:00:02]} Bc8 {[%emt 0:00:10]} 31. e5 {[%emt 0:00:04]} Nc6 {[%emt 0:00:
04]} 32. R6b5 {[%emt 0:00:08]} Rxa2 {[%emt 0:00:24]} 33. Rxc5 {[%emt 0:00:02]}
Bg4 {[%emt 0:00:08]} 34. Rxb7 {[%emt 0:00:06]} Bxf3 {[%emt 0:00:01]} 35. gxf3 {
[%emt 0:00:01]} Nxe5 {[%emt 0:00:01]} 36. Rcc7 {[%emt 0:00:32]} Rd8 {[%emt 0:
00:11]} 0-1

[Event "GER-ch Blitz 2019"]
[Site "Magdeburg"]
[Date "2019.05.25"]
[Round "9.11"]
[White "Zuyev, Igor"]
[Black "Barzen, Pascal"]
[Result "0-1"]
[WhiteElo "2447"]
[BlackElo "2292"]
[Annotator "NA"]
[PlyCount "92"]
[EventDate "2019.05.25"]
[EventType "tourn"]
[EventCountry "GER"]
[Tiebreak "Number of wins+Number of black wins"]
[SourceTitle "playchess.com"]
[Source "ChessBase"]
[SourceQuality "1"]
[TimeControl "180+2"]

1. e4 {[%emt 0:00:00]} c6 {[%emt 0:00:00]} 2. d4 {[%emt 0:00:01]} d5 {[%emt 0:
00:00]} 3. exd5 {[%emt 0:00:01]} cxd5 {[%emt 0:00:00]} 4. Bd3 {[%emt 0:00:02]}
Nc6 {[%emt 0:00:00]} 5. c3 {[%emt 0:00:01]} Nf6 {[%emt 0:00:01]} 6. Bf4 {
[%emt 0:00:02]} Bg4 {[%emt 0:00:02]} 7. Qb3 {[%emt 0:00:25]} Qc8 {[%emt 0:00:
01]} 8. Nd2 {[%emt 0:00:20]} e6 {[%emt 0:00:01]} 9. Ngf3 {[%emt 0:00:22]} Be7 {
[%emt 0:00:01]} 10. O-O {[%emt 0:00:22]} Bh5 {[%emt 0:00:07]} 11. Ne5 {[%emt 0:
00:23]} Nxe5 {[%emt 0:00:01]} 12. Bxe5 {[%emt 0:00:04]} O-O {[%emt 0:00:02]}
13. c4 {[%emt 0:00:12]} dxc4 {[%emt 0:00:13]} 14. Bxc4 {[%emt 0:00:21]} Qd7 {
[%emt 0:00:23]} 15. Rfe1 {[%emt 0:00:14]} a6 {[%emt 0:00:04]} 16. Be2 {[%emt 0:
00:07]} Bxe2 {[%emt 0:00:03]} 17. Rxe2 {[%emt 0:00:01]} b5 {[%emt 0:00:05]} 18.
Ne4 {[%emt 0:00:07]} Nxe4 {[%emt 0:00:04]} 19. Rxe4 {[%emt 0:00:01]} Rfc8 {
[%emt 0:00:10]} 20. Ree1 {[%emt 0:00:02]} Rc4 {[%emt 0:00:07]} 21. Rad1 {
[%emt 0:00:07]} Qd5 {[%emt 0:00:01]} 22. Qg3 {[%emt 0:00:07]} Bf8 {[%emt 0:00:
01]} 23. Rc1 {[%emt 0:00:08]} Rac8 {[%emt 0:00:09]} 24. Rxc4 {[%emt 0:00:02]}
Qxc4 {[%emt 0:00:01]} 25. Qf3 {[%emt 0:00:05]} Qxa2 {[%emt 0:00:09]} 26. Qb7 {
[%emt 0:00:04]} Rd8 {[%emt 0:00:16]} 27. Qc7 {[%emt 0:00:08]} Qd5 {[%emt 0:00:
07]} 28. Qa7 {[%emt 0:00:02]} f6 {[%emt 0:00:10]} 29. Bg3 {[%emt 0:00:03]} Qxd4
{[%emt 0:00:03]} 30. Qxa6 {[%emt 0:00:01]} e5 {[%emt 0:00:02]} 31. Qxb5 {
[%emt 0:00:04]} Qd2 {[%emt 0:00:22]} 32. Rf1 {[%emt 0:00:01]} Qd5 {[%emt 0:00:
11]} 33. Qxd5+ Rxd5 {[%emt 0:00:02]} 34. Rb1 {[%emt 0:00:02]} Rb5 {[%emt 0:00:
01]} 35. b3 {[%emt 0:00:02]} Kf7 {[%emt 0:00:01]} 36. f3 {[%emt 0:00:00]} Ke6 {
[%emt 0:00:01]} 37. Bf2 {[%emt 0:00:01]} g5 {[%emt 0:00:03]} 38. Kf1 {[%emt 0:
00:01]} h5 {[%emt 0:00:01]} 39. Ke2 {[%emt 0:00:00]} f5 {[%emt 0:00:03]} 40.
Kd3 {[%emt 0:00:02]} Kd5 {[%emt 0:00:00]} 41. Be3 {[%emt 0:00:02]} Be7 {
[%emt 0:00:07]} 42. Kc3 {[%emt 0:00:01]} f4 {[%emt 0:00:06]} 43. Bf2 {[%emt 0:
00:01]} Bb4+ {[%emt 0:00:05]} 44. Kd3 {[%emt 0:00:01]} Ra5 {[%emt 0:00:04]} 45.
Rd1 {[%emt 0:00:04]} Ra2 {[%emt 0:00:04]} 46. Rf1 {[%emt 0:00:06]} Rd2# {
[%emt 0:00:23]} 0-1

[Event "GER-ch Blitz 2019"]
[Site "Magdeburg"]
[Date "2019.05.25"]
[Round "9.12"]
[White "Hebbinghaus, Holger"]
[Black "Frischmann, Rick"]
[Result "1-0"]
[WhiteElo "2310"]
[BlackElo "2320"]
[Annotator "NA"]
[PlyCount "106"]
[EventDate "2019.05.25"]
[EventType "tourn"]
[EventCountry "GER"]
[Tiebreak "Number of wins+Number of black wins"]
[SourceTitle "playchess.com"]
[Source "ChessBase"]
[SourceQuality "1"]
[TimeControl "180+2"]

1. d4 {[%emt 0:00:00]} d5 {[%emt 0:00:00]} 2. Bf4 {[%emt 0:00:00]} Nc6 {
[%emt 0:00:00]} 3. e3 {[%emt 0:00:01]} Nf6 {[%emt 0:00:00]} 4. Nf3 {[%emt 0:00:
05]} Bg4 {[%emt 0:00:01]} 5. c4 {[%emt 0:00:05]} e6 {[%emt 0:00:01]} 6. Nc3 {
[%emt 0:00:01]} Bb4 {[%emt 0:00:00]} 7. Be2 {[%emt 0:00:08]} dxc4 {[%emt 0:00:
11]} 8. Bxc4 {[%emt 0:00:08]} Nd5 {[%emt 0:00:00]} 9. O-O {[%emt 0:00:41]} Nxf4
{[%emt 0:00:05]} 10. exf4 {[%emt 0:00:01]} O-O {[%emt 0:00:17]} 11. Be2 {
[%emt 0:00:28]} Qd6 {[%emt 0:00:21]} 12. Ne5 {[%emt 0:00:17]} Bxe2 {[%emt 0:00:
03]} 13. Nxe2 {[%emt 0:00:00]} Rfd8 {[%emt 0:00:21]} 14. Nxc6 {[%emt 0:00:14]}
Qxc6 {[%emt 0:00:01]} 15. Qb3 {[%emt 0:00:03]} Ba5 {[%emt 0:00:09]} 16. Rfd1 {
[%emt 0:00:07]} Bb6 {[%emt 0:00:15]} 17. Rac1 {[%emt 0:00:07]} Qe4 {[%emt 0:00:
01]} 18. Qe3 {[%emt 0:00:04]} Qf5 {[%emt 0:00:02]} 19. Qe5 {[%emt 0:00:25]} Qg6
{[%emt 0:00:00]} 20. Rc3 {[%emt 0:00:08]} Rd5 {[%emt 0:00:02]} 21. Qe3 {
[%emt 0:00:02]} Rad8 {[%emt 0:00:00]} 22. Rcd3 {[%emt 0:00:01]} c5 {[%emt 0:00:
05]} 23. Qg3 {[%emt 0:00:25]} Qf5 {[%emt 0:00:18]} 24. Qf3 {[%emt 0:00:04]}
cxd4 {[%emt 0:00:04]} 25. Rc1 {[%emt 0:00:02]} h6 {[%emt 0:00:17]} 26. Ng3 {
[%emt 0:00:01]} Qg6 {[%emt 0:00:10]} 27. Ne4 {[%emt 0:00:02]} f5 {[%emt 0:00:
27]} 28. Ng3 {[%emt 0:00:01]} Kh7 {[%emt 0:00:01]} 29. Ne2 {[%emt 0:00:01]} e5
{[%emt 0:00:04]} 30. fxe5 Rxe5 31. h3 {[%emt 0:00:06]} Rde8 {[%emt 0:00:04]}
32. Nf4 {[%emt 0:00:01]} Re1+ {[%emt 0:00:01]} 33. Rxe1 {[%emt 0:00:01]} Rxe1+
{[%emt 0:00:01]} 34. Kh2 {[%emt 0:00:01]} Qd6 {[%emt 0:00:09]} 35. g3 {[%emt 0:
00:01]} Rb1 {[%emt 0:00:13]} 36. Ne2 {[%emt 0:00:04]} Qe5 {[%emt 0:00:02]} 37.
b3 {[%emt 0:00:03]} Rb2 {[%emt 0:00:01]} 38. Ng1 {[%emt 0:00:04]} Qe4 {[%emt 0:
00:01]} 39. Kg2 {[%emt 0:00:02]} Rb1 {[%emt 0:00:07]} 40. Ne2 {[%emt 0:00:02]}
Rb2 {[%emt 0:00:02]} 41. Nc1 {[%emt 0:00:02]} g6 {[%emt 0:00:05]} 42. a4 {
[%emt 0:00:04]} a5 {[%emt 0:00:09]} 43. h4 {[%emt 0:00:01]} h5 {[%emt 0:00:02]}
44. Rd1 {[%emt 0:00:07]} Qxf3+ {[%emt 0:00:08]} 45. Kxf3 {[%emt 0:00:01]} Kg7 {
[%emt 0:00:00]} 46. Rd3 {[%emt 0:00:02]} Kf6 {[%emt 0:00:01]} 47. Ne2 {[%emt 0:
00:00]} Ke5 {[%emt 0:00:02]} 48. Nf4 {[%emt 0:00:01]} Rc2 {[%emt 0:00:08]} 49.
Nxg6+ {[%emt 0:00:02]} Kf6 {[%emt 0:00:00]} 50. Nf4 {[%emt 0:00:00]} Rc3 {
[%emt 0:00:01]} 51. Nd5+ {[%emt 0:00:01]} Ke5 {[%emt 0:00:02]} 52. Nxc3 {
[%emt 0:00:01]} dxc3 {[%emt 0:00:01]} 53. Rxc3 {[%emt 0:00:01]} Kd5 {Ke4+} 1-0

[Event "GER-ch Blitz 2019"]
[Site "Magdeburg"]
[Date "2019.05.25"]
[Round "9.13"]
[White "Hirneise, Jens"]
[Black "Krause, Benedict"]
[Result "1/2-1/2"]
[WhiteElo "2375"]
[BlackElo "2434"]
[Annotator "NA"]
[PlyCount "136"]
[EventDate "2019.05.25"]
[EventType "tourn"]
[EventCountry "GER"]
[Tiebreak "Number of wins+Number of black wins"]
[SourceTitle "playchess.com"]
[Source "ChessBase"]
[SourceQuality "1"]
[TimeControl "180+2"]

1. e4 {[%emt 0:00:00]} c5 {[%emt 0:00:00]} 2. Nf3 {[%emt 0:00:00]} e6 {[%emt 0:
00:01]} 3. d4 {[%emt 0:00:00]} cxd4 4. Nxd4 {[%emt 0:00:01]} Nc6 {[%emt 0:00:
02]} 5. Nc3 {[%emt 0:00:01]} Nf6 {[%emt 0:00:02]} 6. Ndb5 {[%emt 0:00:01]} Bc5
{[%emt 0:00:01]} 7. Bf4 {[%emt 0:00:08]} O-O {[%emt 0:00:02]} 8. Bc7 {[%emt 0:
00:02]} Qe7 {[%emt 0:00:01]} 9. Bd6 {[%emt 0:00:02]} Bxd6 {[%emt 0:00:01]} 10.
Qxd6 {[%emt 0:00:03]} Qd8 {[%emt 0:00:01]} 11. O-O-O {[%emt 0:00:18]} Qb6 {
[%emt 0:00:02]} 12. Qg3 {[%emt 0:00:36]} a6 {[%emt 0:00:31]} 13. Nd6 {[%emt 0:
00:08]} Ne8 {[%emt 0:01:22]} 14. Nxe8 {[%emt 0:00:13]} Rxe8 {[%emt 0:00:01]}
15. f4 {[%emt 0:00:05]} Ne7 {[%emt 0:00:42]} 16. Bd3 {[%emt 0:00:11]} d5 {
[%emt 0:00:06]} 17. h4 {[%emt 0:00:14]} d4 {[%emt 0:00:14]} 18. Ne2 {[%emt 0:
00:06]} Nc6 {[%emt 0:00:06]} 19. a3 {[%emt 0:00:03]} Bd7 {[%emt 0:00:02]} 20.
h5 {[%emt 0:00:03]} h6 {[%emt 0:00:01]} 21. Rh4 {[%emt 0:00:15]} Kh8 {[%emt 0:
00:02]} 22. Rg4 {[%emt 0:00:05]} Rg8 {[%emt 0:00:01]} 23. f5 {[%emt 0:00:04]}
e5 {[%emt 0:00:11]} 24. Ng1 {[%emt 0:00:43]} Qd8 {[%emt 0:00:04]} 25. Nf3 {
[%emt 0:00:01]} Qf6 {[%emt 0:00:01]} 26. Kb1 {[%emt 0:00:05]} b5 {[%emt 0:00:
01]} 27. Rh1 {[%emt 0:00:06]} Rab8 {[%emt 0:00:01]} 28. Qe1 {[%emt 0:00:15]} a5
{[%emt 0:00:03]} 29. Nh2 {[%emt 0:00:03]} a4 {[%emt 0:00:05]} 30. Rg3 {[%emt 0:
00:03]} b4 {[%emt 0:00:07]} 31. Ng4 {[%emt 0:00:01]} Qd6 {[%emt 0:00:01]} 32.
axb4 {[%emt 0:00:04]} Rxb4 {[%emt 0:00:01]} 33. f6 {[%emt 0:00:02]} Bxg4 {
[%emt 0:00:03]} 34. Rxg4 {[%emt 0:00:03]} gxf6 {[%emt 0:00:01]} 35. Rxg8+ {
[%emt 0:00:02]} Kxg8 36. Rf1 {[%emt 0:00:02]} Kf8 {[%emt 0:00:02]} 37. Qd2 {
[%emt 0:00:01]} Ke7 {[%emt 0:00:01]} 38. Ka1 {[%emt 0:00:01]} a3 {[%emt 0:00:
01]} 39. b3 {[%emt 0:00:02]} Qc5 {[%emt 0:00:02]} 40. Bc4 {[%emt 0:00:01]} Na5
{[%emt 0:00:01]} 41. Qf2 {[%emt 0:00:03]} Qd6 {[%emt 0:00:02]} 42. Bd5 {
[%emt 0:00:01]} Rb8 {[%emt 0:00:04]} 43. Qd2 {[%emt 0:00:02]} Qc5 {[%emt 0:00:
02]} 44. Rf3 {[%emt 0:00:03]} Rd8 {[%emt 0:00:02]} 45. b4 Qb6 {[%emt 0:00:03]}
46. Qe1 {[%emt 0:00:06]} Nc6 {[%emt 0:00:01]} 47. Bxc6 {[%emt 0:00:01]} Qxc6 {
[%emt 0:00:01]} 48. Qd2 {[%emt 0:00:00]} Rc8 {[%emt 0:00:00]} 49. Kb1 {[%emt 0:
00:02]} a2+ {[%emt 0:00:02]} 50. Kxa2 {[%emt 0:00:02]} Qxc2+ {[%emt 0:00:00]}
51. Qxc2 {[%emt 0:00:01]} Rxc2+ {[%emt 0:00:01]} 52. Kb3 {[%emt 0:00:00]} Rxg2
{[%emt 0:00:01]} 53. b5 {[%emt 0:00:01]} Re2 {[%emt 0:00:04]} 54. b6 {[%emt 0:
00:02]} Re3+ {[%emt 0:00:05]} 55. Rxe3 {[%emt 0:00:01]} dxe3 {[%emt 0:00:01]}
56. b7 {[%emt 0:00:01]} e2 {[%emt 0:00:01]} 57. b8=Q {[%emt 0:00:01]} e1=Q {
[%emt 0:00:02]} 58. Qc7+ {[%emt 0:00:11]} Kf8 {[%emt 0:00:00]} 59. Qc8+ {
[%emt 0:00:01]} Kg7 {[%emt 0:00:05]} 60. Qg4+ {[%emt 0:00:01]} Kh7 {[%emt 0:00:
03]} 61. Qf5+ {[%emt 0:00:01]} Kg8 {[%emt 0:00:01]} 62. Qg4+ {[%emt 0:00:02]}
Kf8 {[%emt 0:00:01]} 63. Qc8+ {[%emt 0:00:01]} Ke7 {[%emt 0:00:01]} 64. Qc7+ {
[%emt 0:00:02]} Kf8 {[%emt 0:00:04]} 65. Qc8+ {[%emt 0:00:01]} Kg7 {[%emt 0:00:
03]} 66. Qg4+ {[%emt 0:00:01]} Kh8 {[%emt 0:00:01]} 67. Qc8+ {[%emt 0:00:02]}
Kh7 {[%emt 0:00:02]} 68. Qf5+ {[%emt 0:00:01]} Kg7 1/2-1/2

[Event "GER-ch Blitz 2019"]
[Site "Magdeburg"]
[Date "2019.05.25"]
[Round "9.14"]
[White "Schneider, Ilja"]
[Black "Stern, Rene"]
[Result "0-1"]
[WhiteElo "2494"]
[BlackElo "2538"]
[Annotator "ChessBase"]
[PlyCount "66"]
[EventDate "2019.05.25"]
[EventType "tourn"]
[EventCountry "GER"]
[Tiebreak "Number of wins+Number of black wins"]
[SourceTitle "playchess.com"]
[Source "ChessBase"]
[SourceQuality "1"]
[TimeControl "180+2"]

1. d4 {[%emt 0:00:00]} Nf6 {[%emt 0:00:00]} 2. Bg5 {[%emt 0:00:01]} e6 {
[%emt 0:00:00]} 3. e4 {[%emt 0:00:01]} h6 {[%emt 0:00:02]} 4. Bxf6 {[%emt 0:00:
01]} Qxf6 {[%emt 0:00:01]} 5. Nc3 {[%emt 0:00:01]} Bb4 {[%emt 0:00:01]} 6. Qd3
{[%emt 0:00:01]} c5 {[%emt 0:00:02]} 7. e5 {[%emt 0:00:02]} Qg6 {[%emt 0:00:03]
} 8. Qxg6 {[%emt 0:00:03]} fxg6 {[%emt 0:00:01]} 9. O-O-O {[%emt 0:00:07]} Bxc3
{[%emt 0:00:16]} 10. bxc3 {[%emt 0:00:01]} Nc6 {[%emt 0:00:01]} 11. Nf3 {
[%emt 0:00:16]} g5 {[%emt 0:00:03]} 12. h4 {[%emt 0:00:33]} g4 {[%emt 0:00:03]}
13. Nh2 {[%emt 0:00:01]} h5 {[%emt 0:00:03]} 14. f4 {[%emt 0:00:11]} cxd4 {
[%emt 0:00:13]} 15. cxd4 {[%emt 0:00:00]} b6 {[%emt 0:00:00]} 16. g3 {[%emt 0:
00:03]} Bb7 {[%emt 0:00:01]} 17. Bg2 {[%emt 0:00:05]} Rc8 {[%emt 0:00:13]} 18.
d5 {[%emt 0:00:16]} Nb4 {[%emt 0:00:02]} 19. Rd2 {[%emt 0:00:16]} Bxd5 {
[%emt 0:00:09]} 20. Bxd5 {[%emt 0:00:04]} Nxd5 {[%emt 0:00:02]} 21. Rhd1 {
[%emt 0:00:02]} Rc3 {[%emt 0:00:22]} 22. Nf1 {[%emt 0:00:01]} Ke7 {[%emt 0:00:
01]} 23. Rxd5 {[%emt 0:00:31]} exd5 {[%emt 0:00:01]} 24. Rxd5 {[%emt 0:00:06]}
Rhc8 {[%emt 0:00:02]} 25. Rd2 {[%emt 0:00:05]} Rf3 {[%emt 0:00:06]} 26. Rd1 {
[%emt 0:00:01]} g6 {[%emt 0:00:09]} 27. Kb2 {[%emt 0:00:01]} Rfc3 {[%emt 0:00:
05]} 28. Rd2 {[%emt 0:00:01]} R8c6 {[%emt 0:00:00]} 29. Re2 {[%emt 0:00:04]}
Rf3 {[%emt 0:00:10]} 30. Nd2 {[%emt 0:00:03]} Rxg3 {[%emt 0:00:04]} 31. Ne4 {
[%emt 0:00:06]} Rf3 {[%emt 0:00:05]} 32. Nf6 {[%emt 0:00:01]} Rxf6 {[%emt 0:00:
08]} 33. exf6+ {[%emt 0:00:01]} Kxf6 {[%emt 0:00:01]} 0-1